Propuesta de Plan de Desarrollo Urbano para la Ciudad de Diriomo
Presenta propuesta de plan de desarrollo urbano de la ciudad de Diriomo con base en el diagnóstico y la consulta ciudadana. Este trabajo tiene como objetivo brindar un instrumento de planificación a la alcaldía que permita enfrentar la problemática común en la mayoría de las ciudades como el c...
| Main Authors: | , , |
|---|---|
| Other Authors: | |
| Format: | Tesis Section = Libro |
| Language: | Undetermined Spanish |
| Published: |
Managua
UNI
2010
|
| Subjects: |
| LEADER | 01263nam a2200253Ia 4500 | ||
|---|---|---|---|
| 008 | 240830s9999 xx 000 0 und d | ||
| 040 | |a BIBLIOTECA-RUSB/ Mon 711 A284 | ||
| 041 | |a spa | ||
| 082 | |a Mon 711 A284 | ||
| 100 | 1 | |a Aguirre Meza, Martha Scarleth | |
| 100 | 1 | |b Alemán Gutiérrez, Perla Danessa | |
| 100 | 1 | |c González Sotelo, Raquel de los Ángeles | |
| 245 | 1 | 0 | |a Propuesta de Plan de Desarrollo Urbano para la Ciudad de Diriomo |
| 260 | |a Managua |b UNI |c 2010 | ||
| 300 | |a 164 p. :il. | ||
| 502 | |a Tesis (Arquitecto) - UNI, 2010. | ||
| 520 | 3 | |a Presenta propuesta de plan de desarrollo urbano de la ciudad de Diriomo con base en el diagnóstico y la consulta ciudadana. Este trabajo tiene como objetivo brindar un instrumento de planificación a la alcaldía que permita enfrentar la problemática común en la mayoría de las ciudades como el crecimiento desordenado, déficit de equipamiento, infraestructura y servicios. | |
| 650 | 7 | |a URBANISMO - PLANIFICACIÓN DEL ESPACIO | |
| 650 | 7 | |b CUIDADES - PLANES Y PLANIFICACIÓN LOCAL - MEJORAMIENTO URBANO | |
| 650 | 7 | |c PLANIFICACION EN PREVENCION DE DESASTRES Y EMERGENCIAS | |
| 700 | 1 | |a Tutor: |b Reyes García, María Auxiliador | |
| 942 | |c BK |2 ddc | ||
| 991 | |a TESIS | ||
| 999 | |c 20819 | ||